00849 2200301 4500001002100000005001500021035002000036007000300056040001600059100002700075245008100102250001300183300003700196020002200233041000800255082001000263090002200273264003400295336002100329337003000350338002300380650001900403850001000422008004100432700004000473990001700513990001700530INLIS00000000000448620260525112832 a0010-0122000118ta aSPBUPDbind0 aSusanto LeoePengarang1 aKiat Jitu Menulis & Menerbitkan Buku /cSusanto Leo;editor,Yayat sari Hayati a.-cet.13 axii,200 hlm :billus. ;c25x17cm a978-979-075-405-8 aind a070.5 a006.68 DUA d 1-14 a.--jakarta :berlangga,c2010 2rdacontentaTeks 2rdamediaaTanpa Perantara 2rdacarrieravolume 4aPenulisan Buku aPUPAD260525 0  aeditor,Yayat sari HayatiePengarang a1101/BR/KAPD a1102/Br/KAPB